Statistics for Islands of the Inner Hebrides

Click here to take the quiz!

General Stats

  • This quiz has been taken 24 times
  • The average score is 19 of 34

Answer Stats

Area Pop. Island % Correct
165,62510,008Skye
100%
10,46322Rùm
100%
87,5352,800Mull
100%
36,692196Jura
100%
61,9563,228Islay
100%
3,04983Eigg
90%
6,231161Raasay
80%
55927Muck
80%
1,13012Canna
70%
877177Iona
70%
7,834653Tiree
60%
9303Rona
60%
7,685195Coll
60%
2,351192Lismore
60%
1,99011Ulva
60%
4,074124Colonsay
60%
1,21434Kerrera
50%
1,395163Gigha
50%
1,0361Soay
50%
5438Oronsay
50%
2,4834Scalpay
40%
3104{Tanera} Mòr
40%
1,329551Seil
40%
2059Easdale
40%
1,430195Luing
40%
4252Gometra
30%
31Eilean dà {Mhèinn}
30%
5252Eilean {Shona}
30%
4513Shuna
30%
3151Danna
30%
26Eilean {Tioram}
30%
1876Erraid
30%
1849Sanday
20%
3097Isle of {Ewe}
10%

Score Distribution

Percentile by Number Answered

Percent of People with Each Score

Your Score History

You have not taken this quiz